000 00497nam a2200181Ia 4500
005 20250326142727.0
008 250326s9999 xx 000 0 und d
037 _aTextbook
040 _aFMSL
_beng
_cFMSL
041 _aeng
_2eng
084 _qFMSL
100 _aDavar R S
_9240194
245 0 _aExecutive Decision making: Modern concepts & Techniques
_cDavar R S
260 _aPrograssive
_bPrograssive, corporation
_c1966
300 _a328p
942 _cTB
999 _c1296381
_d1296381